SQL: Practical Guide for Developers (The Practical Guides) (Record no. 1820)
[ view plain ]
| 000 -LEADER | |
|---|---|
| Fixed length control field | 00576nam a2200181 4500 |
| 003 - CONTROL NUMBER IDENTIFIER | |
| Control field | SEACOMEC |
| 005 - DATE AND TIME OF LATEST TRANSACTION | |
| Control field | 20241118152712.0 |
| 008 - FIXED-LENGTH DATA ELEMENTS--GENERAL INFORMATION | |
| Fixed length control field | 241118b |||||||| |||| 00| 0 eng d |
| 020 ## - INTERNATIONAL STANDARD BOOK NUMBER / ISBN | |
| International Standard Book Number | 978-0122205316 |
| Price | 295.00 |
| 040 ## - CATALOGING SOURCE | |
| Original cataloging agency | SEACOMEC |
| 082 ## - DEWEY DECIMAL CLASSIFICATION NUMBER | |
| Classification number | 005.13 |
| Book Number | D674 |
| 100 ## - MAIN ENTRY--PERSONAL NAME | |
| Personal name | Michael J. Donahoo |
| 245 ## - TITLE STATEMENT | |
| Title | SQL: Practical Guide for Developers (The Practical Guides) |
| Statement of responsibility | / Michael J. Donahoo and Gregory D. Speegle |
| 260 ## - IMPRINT | |
| Place of publication | New Delhi: |
| Name of publisher | Elsevier, |
| Date of publication | 2006 |
| 300 ## - PHYSICAL DESCRIPTION | |
| Page / Vol. No | xiv, 249 p.; ill.: 24 cm. |
| 440 ## - SERIES STATEMENT | |
| Series Title | The Morgan Kaufmann practical guides series. |
| 942 ## - ADDED ENTRY ELEMENTS (KOHA) | |
| Koha item type | Books |
| Withdrawn status | Lost status | Source of classification | Damaged status | Not for loan | Home library | Current library | Date acquired | Total Checkouts | Call number | Accession number | Date last seen | Price effective from | Koha item type |
|---|---|---|---|---|---|---|---|---|---|---|---|---|---|
| Dewey Decimal Classification | SEACOM ENGINEERING COLLEGE | SEACOM ENGINEERING COLLEGE | 12/07/2007 | 005.13 D674 | 7565 | 18/11/2024 | 18/11/2024 | Books |
